Evaluation of polycross seedlings of prepotent Hevea clones potential for yield improvement and drought tolerance (Record no. 58983)

MARC details
000 -LEADER
fixed length control field 00498nam a2200169Ia 4500
100 ## - MAIN ENTRY--AUTHOR NAME
Personal name Mercy M A
245 #0 - TITLE STATEMENT
Title Evaluation of polycross seedlings of prepotent Hevea clones potential for yield improvement and drought tolerance
260 ## - PUBLICATION, DISTRIBUTION, ETC. (IMPRINT)
Name of publisher Natural Rubber Research
Year of publication 2012
300 ## - PHYSICAL DESCRIPTION
Number of Pages 115-121
650 ## - SUBJECT ADDED ENTRY--TOPICAL TERM
Topical Term Drought tolerance
650 ## - SUBJECT ADDED ENTRY--TOPICAL TERM
Topical Term Girth
650 ## - SUBJECT ADDED ENTRY--TOPICAL TERM
Topical Term Juvenile yield
650 ## - SUBJECT ADDED ENTRY--TOPICAL TERM
Topical Term Polycross seeds
700 ## - ADDED ENTRY--PERSONAL NAME
Personal name Mydin K K
942 ## - ADDED ENTRY ELEMENTS (KOHA)
Koha item type Journals
Holdings
Withdrawn status Lost status Damaged status Not for loan Home library Current library Shelving location Date acquired Serial Enumeration / chronology Koha item type
      Journals RRII Library RRII Library Botany 13/03/2013 Volume 25, Issue 1 Journals